Países mais próximos do Linha do equador - Statistics

Estatísticas Gerais
  • Esse quiz foi jogado 119 vezes
  • A pontuação média é 12 de 20
Estatísticas das Respostas
km país % Correto
0 Brasil
100%
0 Equador
97%
0 Colômbia
92%
2 Peru
83%
0 Indonésia
79%
0 Congo
77%
136 Venezuela
75%
0 Quênia
60%
0 Uganda
60%
0 Gabão
58%
173 Malásia
56%
0 Somália
55%
102 Guiné Equatorial
48%
116 Ruanda
45%
127 Singapura
39%
21 Maldivas
38%
0 São Tomé e Príncipe
35%
13 Kiribati
26%
0 Rep Dem Congo
24%
55 Nauru
17%
Nenhum quiz correspondente encontrado
Distribuição das Pontuações
Porcentagem de Pessoas com Cada Pontuação
Percentil de Números Respondidos
Sua Pontuação Histórica
Você não jogou esse quiz